| 000 | 00840nam a2200205Ia 4500 | ||
|---|---|---|---|
| 008 | 0000001992 pr a 0000000000spa00 | ||
| 090 | _aPPR00 R83n | ||
| 100 | 1 |
_aRuiz, Noemi _d1931 |
|
| 245 | 1 | 0 |
_aNoemi Ruiz _b: mi trópico, ritmo espacio y tiempo _c/ fotografías Jorge Ramos Caro |
| 300 |
_a[20] p. _c/ 20 cm. |
||
| 500 | _aExposición realizada en Galería Botello, Hato Rey, Puerto Rico, Octubre 47, 1992 \ Con el patronazgo del maestro venezolano Jesús Rafael Soto (q.e.p.d.) | ||
| 600 | 0 | 0 |
_a RUIZ, NOEMI, 1931/ _xTRABAJOS PICTORICOS |
| 650 | 1 | 4 | _a PINTURA PUERTORRIQUEÑA |
| 650 | 1 | 4 | _aARTE CONTEMPORANEO PUERTORRIQUEÑO |
| 650 | 1 | 4 | _xCATALOGOS |
| 650 | 1 | 4 | _xEXPOSICIONES |
| 650 | 1 | 4 | _aPINTORES PUERTORRIQUEÑOS |
| 700 | 1 | _aRamos Caro, Jorge | |
| 999 |
_c1454 _d1454 |
||
| 260 |
_aHato Rey (Puerto Rico) : Galería Botello _c1992 |
||